Detalles MARC
| 000 -CABECERA |
| campo de control de longitud fija |
01045cam a2200277 a 4500 |
| 001 - NÚMERO DE CONTROL |
| campo de control |
000018168 |
| 003 - IDENTIFICADOR DEL NÚMERO DE CONTROL |
| campo de control |
UkOxU |
| 005 - FECHA Y HORA DE LA ÚLTIMA TRANSACCIÓN |
| campo de control |
20200929165402.0 |
| 008 - DATOS DE LONGITUD FIJA--INFORMACIÓN GENERAL |
| campo de control de longitud fija |
880808s1960 enk 000 0 eng |
| 035 ## - NÚMERO DE CONTROL DEL SISTEMA |
| Número de control de sistema |
ocm00366368 |
| 040 ## - FUENTE DE LA CATALOGACIÓN |
| Centro catalogador/agencia de origen |
DO-SdBNP |
| Lengua de catalogación |
spa |
| Centro/agencia transcriptor |
WSU |
| Centro/agencia modificador |
SER |
| -- |
m.c |
| -- |
OCL |
| -- |
BNPHU |
| 082 ## - NÚMERO DE LA CLASIFICACIÓN DECIMAL DEWEY |
| Número de clasificación |
D0400073005 |
| Número de documento/Ítem |
B845r |
| 049 ## - FONDOS LOCALES (OCLC) |
| Fondos de biblioteca |
BNGR |
| 100 1# - ENTRADA PRINCIPAL--NOMBRE DE PERSONA |
| Nombre de persona |
Brett, R. L. |
| Forma completa/desarrollada del nombre |
(Raymond Laurence Brett), |
| Fechas asociadas al nombre |
1917-1996. |
| 9 (RLIN) |
39373 |
| 245 10 - MENCIÓN DE TÍTULO |
| Título |
Reason & imagination : |
| Resto del título |
a study of form and meaning in four poems / |
| Mención de responsabilidad, etc. |
R. L. Brett. |
| 246 00 - FORMA VARIANTE DE TÍTULO |
| Título propio/Titulo breve |
Reason and imagination |
| 260 ## - PUBLICACIÓN, DISTRIBUCIÓN, ETC. |
| Lugar de publicación, distribución, etc. |
London : |
| Nombre del editor, distribuidor, etc. |
Universidad of Hull : |
| -- |
Oxford University Press, |
| Fecha de publicación, distribución, etc. |
1960. |
| 300 ## - DESCRIPCIÓN FÍSICA |
| Extensión |
143 p. ; |
| Dimensiones |
23 cm. |
| 500 ## - NOTA GENERAL |
| Nota general |
Reimpresión, 1968. |
| 600 10 - PUNTO DE ACCESO ADICIONAL DE MATERIA--NOMBRE DE PERSONA |
| Nombre de persona |
Milton, John, |
| Fechas asociadas al nombre |
1608-1674. |
| Título de la obra |
Lycidas |
| 9 (RLIN) |
39374 |
| 600 10 - PUNTO DE ACCESO ADICIONAL DE MATERIA--NOMBRE DE PERSONA |
| Nombre de persona |
Pope, Alexander, |
| Fechas asociadas al nombre |
1688-1744. |
| Título de la obra |
Essay on man |
| 9 (RLIN) |
39375 |
| 600 10 - PUNTO DE ACCESO ADICIONAL DE MATERIA--NOMBRE DE PERSONA |
| Nombre de persona |
Coleridge, Samuel Taylor, |
| Fechas asociadas al nombre |
1772-1834. |
| Título de la obra |
Rime of the ancient mariner |
| 9 (RLIN) |
39376 |
| 600 10 - PUNTO DE ACCESO ADICIONAL DE MATERIA--NOMBRE DE PERSONA |
| Nombre de persona |
Eliot, T. S. |
| Forma completa/desarrollada del nombre |
(Thomas Stearns), |
| Fechas asociadas al nombre |
1888-1965. |
| Título de la obra |
Four quartets |
| 9 (RLIN) |
39377 |
| 650 #0 - PUNTO DE ACCESO ADICIONAL DE MATERIA--TÉRMINO DE MATERIA |
| Término de materia o nombre geográfico como elemento de entrada |
Poetry |
| 9 (RLIN) |
39378 |
| 910 ## - DATOS DE OPCIÓN DEL USUARIO (OCLC) |
| Datos de opción del usuario |
Catalogación derivada |